| 000 | 00350nam a22001457a 4500 | ||
|---|---|---|---|
| 020 | _a81-7133-639-6 | ||
| 082 |
_a591.38 _bTOM/E |
||
| 100 | _aTOMAR & SINGH | ||
| 245 | _aEVOLUTIONARY BIOLOGY | ||
| 250 | _aEIGHTH REVISED EDITION | ||
| 260 |
_aMEERUT _bRASTOGI PUBLICATIONS _c2003 |
||
| 300 | _a374 | ||
| 650 |
_aBIOLOGY REFERENCE _zINDIA |
||
| 942 | _cBK | ||
| 999 |
_c1435 _d1435 |
||